| Tag |
First Indicator |
Second Indicator |
Subfields |
| LEADER |
00000cam a2200000Ia 4500 |
| 001 |
in00001661913 |
| 005 |
20151024122703.0 |
| 008 |
010504s2000 ksua 001 0 eng d |
| 020 |
|
|
|a 0931054613 (hc)
|
| 020 |
|
|
|a 0931054621 (pbk.)
|
| 035 |
|
|
|a (OCoLC)ocm46873721
|
| 040 |
|
|
|a TXI
|c TXI
|d TXA
|d UtOrBLW
|
| 049 |
|
|
|a TXAM
|
| 090 |
|
|
|a PN4181
|b .W534 2000
|
| 100 |
1 |
|
|a Wiese, Jeffrey.
|
| 245 |
1 |
0 |
|a Lincoln-Douglas debate :
|b values in conflict /
|c by Jeffrey Wiese and Stan Lewis.
|
| 250 |
|
|
|a 2nd ed.
|
| 264 |
|
1 |
|a Topeka, KS :
|b Clark Pub.,
|c [2000]
|
| 264 |
|
4 |
|c ©2000
|
| 300 |
|
|
|a vi, 322 pages :
|b illustrations (some color) ;
|c 24 cm. +
|e teacher's guide.
|
| 336 |
|
|
|a text
|b txt
|2 rdacontent
|
| 337 |
|
|
|a unmediated
|b n
|2 rdamedia
|
| 338 |
|
|
|a volume
|b nc
|2 rdacarrier
|
| 500 |
|
|
|a State adopted textbook.
|
| 500 |
|
|
|a Nonconforming.
|
| 504 |
|
|
|a Includes index.
|
| 650 |
|
0 |
|a Debates and debating.
|
| 700 |
1 |
|
|a Lewis, Stan.
|
| 948 |
|
|
|a cataloged
|b h
|c 2002/4/2
|d c
|e cmulkey
|f 1:03:31 pm
|
| 994 |
|
|
|a E0
|b TXA
|
| 999 |
|
|
|a MARS
|
| 999 |
f |
f |
|s fb7ce613-6cf8-3984-8620-1072de0bd4ff
|i ac40d631-d3b1-308d-ab03-220ea5dc830c
|t 0
|
| 952 |
f |
f |
|p normal
|a Texas A&M University
|b College Station
|c Sterling C. Evans Library
|d Evans: Curriculum Collection Textbooks (4th floor)
|t 0
|e PN4181 .W534 2000
|h Library of Congress classification
|i unmediated -- volume
|k Text
|m A14828828306
|
| 952 |
f |
f |
|p storage
|a Texas A&M University
|b J.J. Pickle Campus
|c High Density Repository
|d Remote Storage
|t 0
|e PN4181 .W534 2000
|h Library of Congress classification
|i unmediated -- volume
|k Text
|m A14828828322
|
| 952 |
f |
f |
|p normal
|a Texas A&M University
|b College Station
|c Sterling C. Evans Library
|d Evans: Curriculum Collection Textbooks (4th floor)
|t 0
|e PN4181 .W534 2000
|h Library of Congress classification
|i unmediated -- volume
|k Guide
|m A14828828314
|
| 952 |
f |
f |
|p storage
|a Texas A&M University
|b J.J. Pickle Campus
|c High Density Repository
|d Remote Storage
|t 0
|e PN4181 .W534 2000
|h Library of Congress classification
|i unmediated -- volume
|k Guide
|m A14828828330
|
| 998 |
f |
f |
|a PN4181 .W534 2000
|s Text
|t 0
|l Remote Storage
|
| 998 |
f |
f |
|a PN4181 .W534 2000
|s Text
|t 0
|l Evans: Curriculum Collection Textbooks (4th floor)
|